000 00915nam a22003377a 4500
001 BR0200775
003 BR-BrBNA
005 20230928101011.0
007 ta
008 230509b bl.||||| |||| 00| 0 por d
040 _aBR-BrBNA
_bpor
_cBiblioteca Nacional de Agricultura
041 _a(Por)
072 _aL01; L02
_b6100
090 _ 6100 BR0200775
100 1 _aEnglert, S.I.
245 1 _aAvicultura; tudo sobre racas, manejo e nutricao
250 1 _a7. ed.
260 3 _aGuaiba, RS (Brasil):
_bLivraria e Editora Agropecuaria Ltda,
_c1998.
300 _a238 p.
500 _a39 illus.; 13 tables
650 _aFrango de Corte
650 _aRaca
650 _aNutricao Animal
650 _aOvo
650 _aComposicao de Alimento
650 _aProducao Animal
650 _aAnatomia Animal
650 _aInstalacao para Animal
909 _a202309
_bLucia
_c55
_dLucia Elande
942 _cBK
999 _c63805
_d63805